000 00968nam a2200265Ia 4500
003 OSt
005 20221005113532.0
006 a|||||r|||| 00| 0
007 ta
008 221004b |||||||| |||| 00| 0 pan d
020 _cINR 250.00
024 _a68355
037 _bSP/5347, 15/02/2020, Star Publications Pvt. Ltd.
_cTextual
040 _aCRL
_cCRL
_bpan
041 _2pan
_apan
082 _aO153,6x, R0
100 _aਭੱਲਾ, ਅFਵਨੀ, ਂਚ.
_9624538
245 0 _aਜਦੋ੍ਵ ਪੈੜਾਂ ਬਿਖਰਦੀਆਂ ਨੇ........
260 _aਲੁਧਿਆਨਾ
_bਚੇਤਨਾ ਪ੍ਰਕਾFਨ ਭਾਰਤ
_c2020
300 _a158ਪ੍ਰ0
_ccm.
650 _a ਪੰਜਾਬੀ ਨਿਬੰਧ
650 _aਪੰਜਾਬੀ ਸਾਹਿਤ
942 _hO153,6x, R0
_cTEXL
_2cc
999 _c1028506
_d1028506